00770nam a22002057a 4500003000200000005001700002020001800019082002100037100001900058100000800077100000900085245005200094260003200146300000800178520029200186600001900478650001400497650002500511650002800536020260417180824.0 a9798888333792 aCS 333.70954 KRI aKrishnan, N.R. cIAS d1962 aGreen economy : India's sustainable development aChennaibNotion Pressc2022 a326 aThis book traces the global and national process of gradual change in the integration of development and environment and, in a deeper sense the ethics of the relationship between humans and nature. One may say that the basic message of the book is “…Nature protects if protected.”  cCivil Services aEconomics aEconomic development aEnvironmental economics